| 000 | 00000nam##2200000za#4500 |
| 001 | 9.641964 |
| 003 | CaOODSP |
| 005 | 20210624223452 |
| 007 | cr ||||||||||| |
| 008 | 150407|2004||||xxc|||||o f|0| 0 fre|d |
| 040 | |aCaOODSP|bfre |
| 043 | |an-cn--- |
| 086 | 1 |aEn4-189/2004F-PDF |
| 110 | 1 |aCanada. |bEnvironnement Canada. |bDirection générale de la vérification et de l'évaluation. |
| 245 | 10|aVérification des transactions effectuées au moyen de cartes d'achat |h[ressource électronique] |
| 260 | |aGatineau - Québec : |bEnvironnement Canada. |cNovembre 2004. |
| 300 | |a31p.|bfigures, tableaux |
| 590 | |a13-14-Supp|b2013-05-30 |
| 775 | 08|tAudit of acquisition card transactions |w(CaOODSP)9.697970 |
| 856 | 40|ahttp://publications.gc.ca|qPDF|s329 Ko|uhttps://publications.gc.ca/collections/collection_2013/ec/En4-189-2004-fra.pdf |